| 000 | nam a22 7a 4500 | ||
|---|---|---|---|
| 999 |
_c342276 _d342276 |
||
| 003 | NUST | ||
| 005 | 20171215103500.0 | ||
| 008 | 171215b xxu||||| |||| 00| 0 eng d | ||
| 020 | _a9788171325917 | ||
| 040 | _c0 | ||
| 082 | _a660.62 MOD | ||
| 100 |
_aModi,H.A _97326 |
||
| 245 |
_aMicrobial Biotechnology _cH.A.Modi |
||
| 260 |
_aJaipur, India _bPointer _c2009. |
||
| 300 | _a404p. | ||
| 500 | _aH.B | ||
| 942 |
_2ddc _cBK _kIESE |
||